| 000 | 00617nam a22001817a 4500 | ||
|---|---|---|---|
| 005 | 20240103143419.0 | ||
| 010 | _aENG-119958 | ||
| 020 |
_a9788121618755 _c225.00 |
||
| 035 | _aEN-103490 | ||
| 037 | _bDBAD/PUB | ||
| 082 | _a615.538 | ||
| 100 |
_aSanjiv Ranjan _960601 |
||
| 245 |
_aThe seven mystical laws of self healing: _bThe fundamental principles of living a powerful life/ _cBy Sanjiv Ranjan |
||
| 260 |
_aNew Delhi _bLife Positive _c2013 |
||
| 270 |
_aC153 Okla Industrial Area Phase - I, _bNew Delhi _e110020 |
||
| 300 |
_aix, 228p : _c22cm(pbk) _bill |
||
| 942 |
_2ddc _cEN _h615.538 _mSAN |
||
| 999 |
_c143591 _d143591 |
||